| 000 | 00458nam a2200169Ia 4500 | ||
|---|---|---|---|
| 005 | 20250508161830.0 | ||
| 008 | 008 250505s9999 xx 000 0 eng d | ||
| 037 | _aTextual | ||
| 040 |
_aFEDL _beng _cFEDL |
||
| 041 |
_aeng _2eng |
||
| 084 |
_a371.62, UNE _qFEDL |
||
| 245 | 0 | _aBulletin of the unesco regional office for education in Asia | |
| 260 | _c1976 | ||
| 300 | _a250p. | ||
| 942 |
_cTEXL _h371.62, UNE |
||
| 999 |
_c1372534 _d1372534 |
||